| 000 | 01251nam a22002297a 4500 | ||
|---|---|---|---|
| 005 | 20250217114930.0 | ||
| 008 | 250217b ||||| |||| 00| 0 eng d | ||
| 020 | _a9788126531738 | ||
| 040 | _cAL | ||
| 041 | _aeng | ||
| 082 |
_223 _a519.536 _bDRAA |
||
| 100 |
_aNorman, R Draper _9200267 |
||
| 245 |
_aApplied regression analysis _b:it is illegal under Indian law to export this book from India |
||
| 250 | _a3rd ed. | ||
| 260 |
_aNew Delhi _bWiley _c1998 |
||
| 300 |
_axvii,706p. _bPB _c25x17cm. |
||
| 365 |
_2General _a6388 _b₹1036.00 _c₹ _d₹1295.00 _e20% _f06/02/2025 |
||
| 520 | _aFitting a straight line by least squares; checking the straight line fit; Fitting straight Lins: special topics; regression in matrix terms: straight line case; the general regression situation; extra sums of squares and tests for several parameters being zero; serial correlation in the residuals and the Durbin -Watson test; more on checking fitted models; multiple regression: special topics; bias in regression estimates, and expected and expected values of mean squares and sums of squares; on worthwhile regressions ,big f's and r2; | ||
| 650 |
_2Probabilities _a applied mathematics _9200268 |
||
| 700 |
_aHarry Smith _9200269 |
||
| 942 |
_2ddc _cBK |
||
| 999 |
_c233814 _d233814 |
||